Central Library OPAC University of Rajshahi

The importance of being earnest / (Record no. 84717)

MARC details
000 -LEADER
fixed length control field 00624nam a2200217 a 4500
001 - CONTROL NUMBER
control field 84717
003 - CONTROL NUMBER IDENTIFIER
rucl marc code BD-RjUL
005 - DATE AND TIME OF LATEST TRANSACTION
control field 20250223141837.0
008 - FIXED-LENGTH DATA ELEMENTS--GENERAL INFORMATION
fixed length control field 250223r19661958enk||||| |||| 00| 0 eng d
035 ## - SYSTEM CONTROL NUMBER
System control number (BD-RjUL)84717
040 ## - CATALOGING SOURCE
Original cataloging agency BD-RjUL
Language of cataloging eng
Transcribing agency BD-RjUL
041 ## - LANGUAGE CODE
Language code of text/sound track or separate title eng
082 ## - DEWEY DECIMAL CLASSIFICATION NUMBER
Edition number 23
Classification number 822.8
Author mark and year WII 1966
100 ## - MAIN ENTRY--PERSONAL NAME
Personal name Wilde, Oscar
9 (RLIN) 2285
245 ## - TITLE STATEMENT
Title The importance of being earnest /
Statement of responsibility, etc. Oscar Wilde; W. S. Bunnell,
260 ## - PUBLICATION, DISTRIBUTION, ETC. (IMPRINT)
Place of publication, distribution, etc. London:
Name of publisher, distributor, etc. University of London Press,
Date of publication, distribution, etc. 1958, [reprinted 1966]
300 ## - PHYSICAL DESCRIPTION
Pagination 116 pages ;
Size 20 cm.
650 ## - SUBJECT ADDED ENTRY--TOPICAL TERM
Topical term or geographic name as entry element English drama
700 ## - ADDED ENTRY--PERSONAL NAME
Personal name Bunnell, W. S.
942 ## - ADDED ENTRY ELEMENTS (KOHA)
Source of classification or shelving scheme Dewey Decimal Classification
Koha item type Books
Holdings
Lost status Source of classification or shelving scheme Damaged status Not for loan Collection code Permanent Location Current Location Shelving location Date acquired Source of acquisition Cost, normal purchase price Total Checkouts Full call number Date last seen Copy number Koha item type
  Dewey Decimal Classification   Not For Loan Fiction Central Library, University of Rajshahi Central Library, University of Rajshahi Reading Room 24/09/198 Zeitlinger 4.60   822.8 WII 1966 23/02/2025 C-1 Books
  Dewey Decimal Classification     Fiction Central Library, University of Rajshahi Central Library, University of Rajshahi General Stacks 24/09/198 Zeitlinger 4.60   822.8 WII 1966 23/02/2025 C-2 Books
  Dewey Decimal Classification     Fiction Central Library, University of Rajshahi Central Library, University of Rajshahi General Stacks 24/09/198 Zeitlinger 4.60   822.8 WII 1966 23/02/2025 C-3 Books
  Dewey Decimal Classification     Fiction Central Library, University of Rajshahi Central Library, University of Rajshahi General Stacks 24/09/198 Zeitlinger 4.60   822.8 WII 1966 23/02/2025 C-4 Books
  Dewey Decimal Classification     Fiction Central Library, University of Rajshahi Central Library, University of Rajshahi General Stacks 24/09/198 Zeitlinger 4.60   822.8 WII 1966 23/02/2025 C-5 Books
  Dewey Decimal Classification     Fiction Central Library, University of Rajshahi Central Library, University of Rajshahi General Stacks 24/09/198 Zeitlinger 4.60   822.8 WII 1966 23/02/2025 C-6 Books
  Dewey Decimal Classification     Fiction Central Library, University of Rajshahi Central Library, University of Rajshahi General Stacks 24/09/198 Zeitlinger 4.60   822.8 WII 1966 23/02/2025 C-7 Books
  Dewey Decimal Classification     Fiction Central Library, University of Rajshahi Central Library, University of Rajshahi General Stacks 24/09/198 Zeitlinger 4.60   822.8 WII 1966 23/02/2025 C-8 Books
  Dewey Decimal Classification     Non-fiction Central Library, University of Rajshahi Central Library, University of Rajshahi General Stacks 21/08/1969 Zeitlinger 10.60   822.8 WII 1966 03/07/2025 C-9 Books